000 00768nam a22002897a 4500
001 BR2012001522
003 BR-BrBNA
005 20230928103907.0
007 ta
008 230509b bl.||||| |||| 00| 0 por d
040 _aBR-BrBNA
_bpor
_cBiblioteca Nacional de Agricultura
041 _a(Por)
072 _aE14
090 _ E14 BR2012001522
100 1 _aAntunes, L.M.
100 1 _aFlores, A.W.
245 1 _aAgrocampeões: como ser um vencedor no campo
260 3 _aPorto Alegre, RS (Brasil):
_bNova Prova,
_c2008.
300 _a144 p.
500 _a40 ref.; 26 illus.; 41 tables
650 _aADMINISTRAÇÃO
650 _aAGRONEGÓCIO
650 _aGESTÃO
650 _aLIDERANÇA
909 _a202309
_bLucia
_c55
_dLucia Elande
942 _cBK
999 _c77123
_d77123